Ordre de succession au trône britannique - Statistiques

Statistiques générales
  • Ce quiz a été pris 32 fois
  • Le résultat moyen est 9 sur 24
Statistiques - réponses
Position Année de naissance Prétendant au trône Titre % Correct
1 1982 William Prince de Galles
96%
5 1984 Harry Duc de Sussex
89%
3 2015 Charlotte Fille du prince de Galles
85%
2 2013 George Fils du prince de Galles
85%
4 2018 Louis Fils du prince de Galles
74%
8 1960 Andrew Duc d'York
67%
17 1950 Anne Princesse royale
67%
6 2019 Archie Fils du duc de Sussex
52%
7 2021 Lilibet Fille du duc de Sussex
52%
14 1964 Edward Duc d'Édimbourg
44%
11 1990 Eugenie Fille du duc d'York
37%
9 1988 Béatrice Fille du duc d'York
30%
21 1981 Zara Fille de la princesse royale
30%
16 2003 Louise Fille du duc d'Édimbourg
19%
22 2014 Mia Petite fille de la princesse royale
19%
15 2007 James Comte de Wessex
15%
18 1977 Peter Fils de la princesse royale
15%
13 2023 Ernest Petit fils du duc d'York
11%
19 2010 Savannah Petite fille de la princesse royale
11%
12 2021 August Petit fils du duc d'York
7%
20 2012 Isla Petite fille de la princesse royale
7%
23 2018 Lena Petite fille de la princesse royale
7%
24 2021 Lucas Petite fille de la princesse royale
7%
10 2021 Sienna Petite fille du duc d'York
7%
Aucun quiz correspondant
Distribution des résultats
% des personnes avec chaque résultat
Percentile par nombre de réponses
Votre historique - résultats
Vous n’avez pas pris ce quiz